| Registos Bibliográficos associados ao registo de autoridade |
|
Etiqueta de registo: 00254nam 2200025 450 001 2285151 003 http://id.bnportugal.gov.pt/bib/catbnp/2285151 010 ## $a978-972-20-8905-0 021 ## $aPT$b562153/26 100 ## $a20260424d2026 m y0pory01030103ba 101 1# $apor$ceng 102 ## $aPT 105 ## $aaf z 000yy 106 ## $ar 200 1# $aAliados em guerra$e os rivais que derrotaram Hitler$fTim Bouverie$gtrad. Luís Filipe Pontes 205 ## $a1ª ed 210 #9 $aAlfragide$cDom Quixote,$d2026 215 ## $a657 p., [16] p. il.$cil.$d24 cm 304 ## $aTít. orig.: Allies at war 675 ## $a94(100)"1939/1945"$vBN$zpor$3897725 675 ## $a355.48(100)"1939/1945"$vBN$zpor$3486605 675 ## $a327.5(100)"1939/1945"(091)$vBN$zpor$31999815 700 #1 $aBouverie,$bTim,$f1987-$31996784 702 #1 $aPontes,$bLuís Filipe$4730$31877790 801 #0 $aPT$bBN$gRPC 856 41 $uhttp://rnod.bnportugal.gov.pt/ImagesBN/winlibimg.aspx?skey=&doc=2285151&img=222875&save=true 900 ## $aBIBNAC$d20260616 966 ## $lBN$mFGMON$sH.G. 89237 V.$x1 966 ## $lBN$mFGMON$sH.G. 89237 V.-D$x1 971 ## $cisantos$d20260424 972 ## $e0$z0$d20260616$vlrevez 973 ## $ctrodrigues$d20260601
|
|
|